| 000 | 00848cam a22002774a 4500 | ||
|---|---|---|---|
| 005 | 20260322212033.0 | ||
| 008 | data | ||
| 010 | _a 2005009897 | ||
| 020 | _a1566636124 (cloth : acidfree paper) | ||
| 020 | _a978-1566636124 (cloth : acid-free paper) | ||
| 040 |
_aDLC _cDLC _dDLC |
||
| 042 | _apcc | ||
| 050 | 0 | 0 |
_aPR1225 _b.A14 2005 |
| 082 | 0 | 0 |
_a821/.9108 _222 |
| 092 | _a821 A14 2005 | ||
| 245 | 1 | 0 |
_a100 essential modern poems / _cJoseph Parisi. |
| 246 | 3 | _aOne hundred essential modern poems | |
| 260 |
_aChicago : _bIvan R. Dee, _c2005. |
||
| 300 |
_axiv, 305 p. ; _c23 cm. |
||
| 500 | _aIncludes indexes. | ||
| 650 | 0 |
_aEnglish poetry _y20th century. |
|
| 650 | 0 |
_aAmerican poetry _y20th century. |
|
| 700 | 1 |
_aParisi, Joseph, _d1944- |
|
| 856 | 4 | 1 |
_3Table of contents _uhttp://www.loc.gov/catdir/toc/ecip0510/2005009897.html |
| 001 | data | ||
| 999 |
_c763 _d763 |
||